Histoire en images - C - Statistiques

Statistiques générales
  • Ce quiz a été pris 711 fois
  • Le résultat moyen est 15 sur 18
Statistiques - réponses
Par images Hint Réponse % Correct
Reine Cléopâtre VII
99%
Acteur Charlie Chaplin
98%
Amphithéâtre Colisée
97%
Navigateur Christophe Colomb
96%
Humoriste Coluche
93%
Locution latine "Avé {César}"
92%
État autoproclamé La République corse
91%
Homme d'État Winston Churchill
90%
Scientifiques Marie et Pierre Curie
89%
Avion Le Concorde
88%
Danse Cancan
84%
Château Château de Chambord
83%
Révolutionnaire / Homme d'État Fidel Castro
79%
Dynastie Les Carolingiens
74%
Siège d'un évêque Cathédrale
64%
Parc Central Park
57%
Homme d'État Georges Clemenceau
54%
Palais impérial Cité Interdite
52%
Aucun quiz correspondant
Distribution des résultats
% des personnes avec chaque résultat
Percentile par nombre de réponses
Votre historique - résultats
Vous n’avez pas pris ce quiz